[Event "XXV MIEDZYNARODOWY FESTIWAL SZACHOWY MEMORIAL JOZEFA KOCHANA - Grupa GM"]
[Site "KOSZALIN"]
[Date "1899-12-30"]
[Round "1.1"]
[White "Shishkin, Vadim"]
[Black "Warakomski, Tomasz"]
[Result "1/2-1/2"]
[WhiteTitle "GM"]
[BlackTitle "IM"]
[WhiteElo "2478"]
[BlackElo "2489"]

1. d4 Nf6 2. c4 e6 3. Nc3 Bb4 4. Qc2 c5 5. dxc5 Bxc5 6. Nf3 Nc6 7. Bg5 h6 8. Bh4
b6 9. e3 Bb7 10. Rd1 Rc8 11. Be2 g5 12. Bg3 g4 13. Nd4 Nb4 14. Qa4 Bxg2 15. Rg1
Bc6 16. Nxc6 Nxc6 17. Bh4 Be7 18. Nb5 Ne4 19. Bxe7 Qxe7 20. Rxg4 f5 21. Rxe4 fxe4
22. Nd6+ Kd8 23. c5 bxc5 24. Nxc8 Kxc8 25. Bb5 Rg8 26. Qa6+ Kb8 27. Bxc6 dxc6
28. Qxc6 Rg1+ 29. Ke2 Rxd1 30. Kxd1 Qd8+ 31. Kc1 Qd3 32. Qe8+ Kc7 33. Qe7+ Kb8
34. Qe8+ Kc7 1/2-1/2

[Event "XXV MIEDZYNARODOWY FESTIWAL SZACHOWY MEMORIAL JOZEFA KOCHANA - Grupa GM"]
[Site "KOSZALIN"]
[Date "1899-12-30"]
[Round "1.2"]
[White "Lewtak, Damian"]
[Black "Dobrowolski, Piotr"]
[Result "0-1"]
[WhiteTitle "m"]
[BlackTitle "IM"]
[WhiteElo "2336"]
[BlackElo "2432"]

1. e4 c5 2. Nc3 d6 3. g3 Nc6 4. Bg2 g6 5. d3 Bg7 6. f4 e6 7. Be3 Nge7 8. Qd2 b6
9. Nge2 O-O 10. d4 Ba6 11. dxc5 dxc5 12. O-O-O e5 13. Qe1 Nd4 14. Qf2 Nec6 15.
Bf1 Nb4 16. Rd2 Qc8 17. Ng1 exf4 18. gxf4 Bxf1 19. Qxf1 Qe6 20. Bxd4 cxd4 21.
Nd5 Nxd5 22. exd5 Qxd5 0-1

[Event "XXV MIEDZYNARODOWY FESTIWAL SZACHOWY MEMORIAL JOZEFA KOCHANA - Grupa GM"]
[Site "KOSZALIN"]
[Date "1899-12-30"]
[Round "1.3"]
[White "Krzyzanowski, Marcin"]
[Black "Mazur, Stefan"]
[Result "1-0"]
[WhiteTitle "m"]
[BlackTitle "IM"]
[WhiteElo "2336"]
[BlackElo "2407"]

1. d4 d5 2. Nf3 Nf6 3. c4 c6 4. Nc3 e6 5. e3 Nbd7 6. Bd3 dxc4 7. Bxc4 b5 8. Bd3
Bb7 9. a3 a6 10. b4 a5 11. Rb1 axb4 12. axb4 Bd6 13. O-O O-O 14. h3 Qe7 15. Qb3
e5 16. Nd2 exd4 17. exd4 Nb6 18. Nde4 Nfd5 19. Nxd6 Qxd6 20. Ne4 Qc7 21. Bd2 Nc4
22. Bxc4 bxc4 23. Qxc4 Rfe8 24. Nc5 Bc8 25. Ra1 Rxa1 26. Rxa1 h6 27. Nd3 Re2 28.
Nf4 Re7 29. Nxd5 cxd5 30. Qc5 Qb7 31. Rc1 Bf5 32. b5 Re2 33. Bb4 Bd7 34. b6 Re6
35. Qf8+ Kh7 36. Rc7 Qxb6 37. Rxd7 Qxd4 38. Rxf7 Rb6 39. Bd6 Rb1+ 40. Kh2 1-0

[Event "XXV MIEDZYNARODOWY FESTIWAL SZACHOWY MEMORIAL JOZEFA KOCHANA - Grupa GM"]
[Site "KOSZALIN"]
[Date "1899-12-30"]
[Round "1.4"]
[White "Malaniuk, Vladimir P"]
[Black "Kanarek, Marcel"]
[Result "1/2-1/2"]
[WhiteTitle "GM"]
[BlackTitle "IM"]
[WhiteElo "2546"]
[BlackElo "2484"]

1. d4 Nf6 2. c4 g6 3. Nf3 Bg7 4. g3 O-O 5. Bg2 d6 6. O-O Nc6 7. Nc3 Bg4 8. Be3
Nd7 9. Ne1 Bf5 10. h3 h5 11. Nf3 Nf6 12. Qd2 Ne4 13. Nxe4 Bxe4 14. d5 Nb8 15.
Bd4 Bxd4 16. Qxd4 Bxf3 17. exf3 c5 18. Qe3 Re8 19. f4 Qd7 20. Rfe1 Na6 21. Qf3
Nc7 22. g4 hxg4 23. hxg4 e6 24. dxe6 Nxe6 25. Qxb7 Qxb7 26. Bxb7 Rab8 27. Bc6
Red8 28. b3 Nd4 29. Be4 f5 30. gxf5 gxf5 1/2-1/2

[Event "XXV MIEDZYNARODOWY FESTIWAL SZACHOWY MEMORIAL JOZEFA KOCHANA - Grupa GM"]
[Site "KOSZALIN"]
[Date "1899-12-30"]
[Round "1.5"]
[White "Dragun, Kamil"]
[Black "Sivuk, Vitaly"]
[Result "1-0"]
[WhiteTitle "GM"]
[BlackTitle "IM"]
[WhiteElo "2530"]
[BlackElo "2475"]

1. d4 d6 2. e4 Nf6 3. Nc3 Nbd7 4. Nge2 e5 5. h3 c6 6. g4 g6 7. Bg2 Bg7 8. Be3 O-O
9. f4 b5 10. dxe5 dxe5 11. f5 h6 12. Ng3 Nb6 13. b3 Qxd1+ 14. Rxd1 Bb7 15. O-O
Rfd8 16. a4 bxa4 17. Nxa4 Nxa4 18. bxa4 Rxd1 19. Rxd1 Bf8 20. Bf1 c5 21. fxg6
fxg6 22. Rb1 Bc6 23. Bb5 Rc8 24. Bxc6 Rxc6 25. Rb8 Kf7 26. Rb7+ Ke6 27. Rxa7 Rb6
28. Ra8 Nd7 29. h4 Rb2 30. h5 gxh5 31. gxh5 Rxc2 32. a5 Ra2 33. a6 Bd6 34. a7
Nf6 35. Bxh6 c4 36. Be3 Ng4 37. Bb6 Kd7 38. Rd8+ Kc6 39. a8=Q+ Rxa8 40. Rxa8 Kxb6
41. Rg8 Nf6 42. Rg6 Be7 43. h6 Kb5 44. Ne2 Kb4 45. Rg7 Bc5+ 46. Kg2 c3 47. Rf7
Nxe4 48. h7 Ng5 49. Rb7+ 1-0

[Event "XXV MIEDZYNARODOWY FESTIWAL SZACHOWY MEMORIAL JOZEFA KOCHANA - Grupa GM"]
[Site "KOSZALIN"]
[Date "1899-12-30"]
[Round "2.1"]
[White "Warakomski, Tomasz"]
[Black "Sivuk, Vitaly"]
[Result "0-1"]
[WhiteTitle "IM"]
[BlackTitle "IM"]
[WhiteElo "2489"]
[BlackElo "2475"]

1. e4 c5 2. Nf3 Nc6 3. Nc3 d6 4. d4 cxd4 5. Nxd4 Nf6 6. Bc4 Bd7 7. Bb3 g6 8. O-O
Bg7 9. Re1 O-O 10. h3 Nxd4 11. Qxd4 Bc6 12. Qe3 a5 13. a4 Nd7 14. Bd2 e6 15. Bd5
Ne5 16. Bxc6 bxc6 17. b3 d5 18. exd5 exd5 19. Qg3 Re8 20. Rad1 Qb6 21. Ne2 Nd7
22. Bc3 Nf6 23. Bd4 Qb7 24. Qf3 Ne4 25. Bxg7 Kxg7 26. Qd3 Qb4 27. Qd4+ Nf6 28.
Qxb4 axb4 29. Nf4 Kf8 30. Nd3 Reb8 31. f3 Ra5 32. Kf2 Nd7 33. Nf4 Rc5 34. Rd2
g5 35. Ne2 Re8 36. Nc1 Rb8 37. g4 f6 38. Na2 Ne5 39. Rc1 Ke7 40. Rd4 Kd6 41. Kg3
Ng6 42. Nxb4 Nf4 43. Re1 Rc3 44. Nd3 Nxd3 45. Rxd3 Rxd3 46. cxd3 Rxb3 47. h4 Rxd3
48. hxg5 fxg5 49. Rh1 c5 50. Rh6+ Ke5 51. Rxh7 c4 52. a5 Ra3 53. Rh5 c3 54. Rxg5+
Kd4 55. Rh5 Ra1 56. Rh2 Ke3 57. Rg2 d4 58. g5 d3 59. g6 Rxa5 0-1

[Event "XXV MIEDZYNARODOWY FESTIWAL SZACHOWY MEMORIAL JOZEFA KOCHANA - Grupa GM"]
[Site "KOSZALIN"]
[Date "1899-12-30"]
[Round "2.2"]
[White "Kanarek, Marcel"]
[Black "Dragun, Kamil"]
[Result "1/2-1/2"]
[WhiteTitle "IM"]
[BlackTitle "GM"]
[WhiteElo "2484"]
[BlackElo "2530"]

1. e4 c5 2. Nf3 e6 3. c3 Nf6 4. e5 Nd5 5. d4 cxd4 6. cxd4 d6 7. Bc4 Nb6 8. Bd3
Nc6 9. O-O Nb4 10. Bg5 Be7 11. Bxe7 Qxe7 12. Nc3 Nxd3 13. Qxd3 dxe5 14. dxe5 O-O
15. Rad1 Bd7 16. Ne4 Bc6 17. Neg5 g6 18. Ne4 Kg7 19. Nd4 Bxe4 20. Qxe4 Rac8 21.
h4 Rc5 22. h5 Nc4 23. Nf3 Nxb2 24. Rd4 b5 25. Qf4 gxh5 26. Ng5 Rd5 27. Rxd5 exd5
28. Qf5 Rh8 29. e6 h6 30. Nxf7 Re8 31. Re1 Qf6 32. Qxd5 Nc4 33. Qd7 Re7 34. Qc8
Kh7 35. Qc6 h4 36. Qe4+ Kg7 37. f4 Nd2 38. Qe3 Nc4 39. Qe4 Nd2 40. Qe5 Qxe5 41.
Rxe5 Nc4 42. Rxb5 Rxe6 43. Ne5 Nxe5 44. fxe5 Ra6 45. Rb2 Kf7 46. Rf2+ Ke7 47.
Kh2 Ra3 48. Rf6 h5 49. Rh6 Rxa2 50. Rxh5 Ke6 51. Kh3 Ra4 52. g3 hxg3 53. Kxg3
Re4 54. Kf3 1/2-1/2

[Event "XXV MIEDZYNARODOWY FESTIWAL SZACHOWY MEMORIAL JOZEFA KOCHANA - Grupa GM"]
[Site "KOSZALIN"]
[Date "1899-12-30"]
[Round "2.3"]
[White "Mazur, Stefan"]
[Black "Malaniuk, Vladimir P"]
[Result "1/2-1/2"]
[WhiteTitle "IM"]
[BlackTitle "GM"]
[WhiteElo "2407"]
[BlackElo "2546"]

1. e4 e5 2. Nf3 Nc6 3. Bb5 a6 4. Ba4 Nf6 5. O-O Be7 6. Re1 b5 7. Bb3 d6 8. c3 O-O
9. h3 Rb8 10. d4 exd4 11. cxd4 d5 12. e5 Ne4 13. Nbd2 Bf5 14. Bc2 Nb4 15. Bb1
c5 16. Nxe4 dxe4 17. Bxe4 Bxe4 18. Rxe4 c4 19. Rg4 f5 20. exf6 Bxf6 21. Bf4 Rc8
22. Qe1 Qe7 23. Qxe7 Bxe7 24. Re1 Rfe8 25. Be5 Bf8 26. Ng5 Nd3 27. Re2 b4 28.
Ne4 Kh8 29. f4 a5 30. Ng5 h5 31. Rg3 Nxf4 32. Rc2 Nd3 33. Nf7+ Kg8 34. Nd6 Bxd6
35. Bxd6 Rc6 36. Be5 Nxe5 37. Re3 Kf7 38. dxe5 Rec8 39. Rf3+ Ke6 40. Rg3 R8c7
41. Rg5 a4 42. Kf2 b3 43. axb3 cxb3 44. Re2 Rc2 45. Rg6+ Kf5 46. Ra6 Rxe2+ 47.
Kxe2 Rc2+ 48. Kf3 Kxe5 49. Ra5+ Kd4 50. Rxa4+ Kd3 51. Ra7 Rxb2 52. Rxg7 Rd2 53.
g4 b2 54. Rb7 Kc2 55. Rc7+ Kd1 56. Rb7 hxg4+ 57. hxg4 Kc1 58. Ke4 b1=Q+ 59. Rxb1+
Kxb1 60. g5 Kc2 61. g6 Kc3 62. Ke5 Rg2 63. Kf6 1/2-1/2

[Event "XXV MIEDZYNARODOWY FESTIWAL SZACHOWY MEMORIAL JOZEFA KOCHANA - Grupa GM"]
[Site "KOSZALIN"]
[Date "1899-12-30"]
[Round "2.4"]
[White "Dobrowolski, Piotr"]
[Black "Krzyzanowski, Marcin"]
[Result "1-0"]
[WhiteTitle "IM"]
[BlackTitle "m"]
[WhiteElo "2432"]
[BlackElo "2336"]

1. d4 Nf6 2. c4 e6 3. Nf3 d5 4. Nc3 Be7 5. Bf4 O-O 6. Rc1 c6 7. e3 b6 8. cxd5 exd5
9. Ne5 Nfd7 10. Bd3 Nxe5 11. Bxe5 Nd7 12. Bg3 Nf6 13. O-O Be6 14. Qa4 Bd7 15.
Rfd1 a5 16. Qc2 h6 17. Ne2 Qc8 18. Be5 Qb7 19. Nf4 Rfe8 20. f3 Rac8 21. Qe2 b5
22. Bb1 c5 23. Qd3 cxd4 24. Nh5 Kf8 25. Bxf6 Bxf6 26. Nxf6 gxf6 27. Qxd4 Kg7 28.
Qd3 f5 29. Qd4+ Kg8 30. Rxc8 Bxc8 31. Qxd5 Rxe3 32. Qxb7 Bxb7 33. Kf2 Re5 34.
Rd6 Kg7 35. a3 Rc5 36. Bd3 Bc8 37. f4 Be6 38. Ke3 b4 39. Kd4 Rc1 40. Ra6 Rg1 41.
Rxa5 Rxg2 42. axb4 Rxb2 43. b5 h5 44. h4 Rb3 45. Ra8 Rb4+ 46. Kc5 Rb3 47. Bc4
Rc3 48. Ra4 Bd7 49. Rb4 Bxb5 50. Kxb5 Rh3 51. Kc5 Rxh4 52. Bd5 Rh2 53. Kd6 Kg6
54. Ke7 h4 55. Bxf7+ Kg7 56. Be6 Re2 57. Rb5 h3 58. Rxf5 h2 59. Rh5 Rf2 60. f5
Rxf5 61. Bxf5 1-0

[Event "XXV MIEDZYNARODOWY FESTIWAL SZACHOWY MEMORIAL JOZEFA KOCHANA - Grupa GM"]
[Site "KOSZALIN"]
[Date "1899-12-30"]
[Round "2.5"]
[White "Shishkin, Vadim"]
[Black "Lewtak, Damian"]
[Result "1/2-1/2"]
[WhiteTitle "GM"]
[BlackTitle "m"]
[WhiteElo "2478"]
[BlackElo "2336"]

1. d4 d5 2. c4 c6 3. Nf3 Nf6 4. e3 Bf5 5. Nc3 e6 6. Nh4 Bg6 7. Nxg6 hxg6 8. a3
Nbd7 9. b3 Bd6 10. Bb2 Qe7 11. g3 dxc4 12. Bxc4 e5 13. Be2 Rd8 14. Qc2 exd4 15.
exd4 Nb6 16. O-O O-O 17. Bf3 Rfe8 18. Rfd1 Nbd5 19. b4 Nxc3 20. Qxc3 Nd5 21. Qd2
a6 22. Re1 Qf6 23. Kg2 Kf8 24. Rxe8+ Rxe8 25. Re1 Rxe1 26. Qxe1 Qe7 27. Qxe7+
Kxe7 28. Kf1 Ke6 29. Ke2 f5 30. Kd3 Be7 31. Bc1 b5 32. Bd1 1/2-1/2

[Event "XXV MIEDZYNARODOWY FESTIWAL SZACHOWY MEMORIAL JOZEFA KOCHANA - Grupa GM"]
[Site "KOSZALIN"]
[Date "1899-12-30"]
[Round "3.1"]
[White "Lewtak, Damian"]
[Black "Warakomski, Tomasz"]
[Result "0-1"]
[WhiteTitle "m"]
[BlackTitle "IM"]
[WhiteElo "2336"]
[BlackElo "2489"]

1. e4 g6 2. d4 Bg7 3. Nf3 d6 4. Bc4 c6 5. O-O d5 6. exd5 cxd5 7. Bd3 Nc6 8. c3
Nh6 9. Re1 O-O 10. h3 Kh8 11. a3 Qb6 12. b4 Bf5 13. a4 Bxd3 14. Qxd3 Qc7 15. Nbd2
Nf5 16. b5 Nd8 17. Ba3 Ne6 18. Rac1 Nf4 19. Qf1 Rac8 20. g3 Ne6 21. Ne5 Kg8 22.
Qd3 Rfd8 23. Nb3 Ng5 24. h4 Ne4 25. c4 Bxe5 26. cxd5 Nxf2 27. Qf1 Bxg3 28. Rxc7
Rxc7 29. Rc1 Rdc8 30. Rc5 Nxh4 31. Bb4 Ne4 32. Qd3 Bf2+ 33. Kf1 Nf5 34. Kg2 Nxc5
35. dxc5 Bxc5 36. Nxc5 Rxc5 37. Bxc5 Rxc5 38. Kf2 h5 39. Qe4 h4 40. d6 exd6 41.
Qxb7 Rc2+ 42. Kg1 h3 43. Qf3 Rg2+ 44. Kf1 Ng3+ 45. Ke1 Ra2 0-1

[Event "XXV MIEDZYNARODOWY FESTIWAL SZACHOWY MEMORIAL JOZEFA KOCHANA - Grupa GM"]
[Site "KOSZALIN"]
[Date "1899-12-30"]
[Round "3.2"]
[White "Krzyzanowski, Marcin"]
[Black "Shishkin, Vadim"]
[Result "1/2-1/2"]
[WhiteTitle "m"]
[BlackTitle "GM"]
[WhiteElo "2336"]
[BlackElo "2478"]

1. d4 Nf6 2. c4 g6 3. f3 d5 4. cxd5 Nxd5 5. e4 Nb6 6. Nc3 Bg7 7. Be3 O-O 8. Qd2
Nc6 9. O-O-O f5 10. e5 Nb4 11. Nh3 N4d5 12. Nf4 c6 13. Ncxd5 Nxd5 14. Bc4 e6 15.
h4 Nxe3 16. Qxe3 Bh6 17. Kb1 Kg7 18. g3 Qe7 19. Qb3 Bxf4 20. gxf4 h5 21. Rhg1
Kh7 22. Rg5 b6 23. Rdg1 Rg8 24. a3 Bd7 25. Qb4 Qxb4 26. axb4 a5 27. bxa5 Rxa5
28. Kc2 Ra7 29. R5g2 Ra4 30. Kc3 Ra7 31. Kc2 1/2-1/2

[Event "XXV MIEDZYNARODOWY FESTIWAL SZACHOWY MEMORIAL JOZEFA KOCHANA - Grupa GM"]
[Site "KOSZALIN"]
[Date "1899-12-30"]
[Round "3.3"]
[White "Malaniuk, Vladimir P"]
[Black "Dobrowolski, Piotr"]
[Result "1/2-1/2"]
[WhiteTitle "GM"]
[BlackTitle "IM"]
[WhiteElo "2546"]
[BlackElo "2432"]

1. d4 Nf6 2. c4 e6 3. Nf3 b6 4. g3 Bb7 5. Bg2 Be7 6. O-O O-O 7. Nc3 Ne4 8. Nxe4
Bxe4 9. Ne1 Bxg2 10. Nxg2 d5 11. cxd5 exd5 12. Nf4 c6 13. Be3 Bd6 14. Rc1 Re8
15. Qd3 Qd7 16. Rc2 a5 17. a3 Bxf4 18. Bxf4 Na6 19. Rd1 Re6 20. h4 h6 21. Kg2
Qb7 22. Qf3 Rf6 23. Qg4 Rg6 24. Qf3 Rf6 25. Qg4 Rg6 26. Qf3 Rf6 1/2-1/2

[Event "XXV MIEDZYNARODOWY FESTIWAL SZACHOWY MEMORIAL JOZEFA KOCHANA - Grupa GM"]
[Site "KOSZALIN"]
[Date "1899-12-30"]
[Round "3.4"]
[White "Dragun, Kamil"]
[Black "Mazur, Stefan"]
[Result "0-1"]
[WhiteTitle "GM"]
[BlackTitle "IM"]
[WhiteElo "2530"]
[BlackElo "2407"]

1. d4 d5 2. c4 dxc4 3. Nf3 a6 4. a4 Nf6 5. e3 Bg4 6. Bxc4 e6 7. h3 Bh5 8. O-O c5
9. dxc5 Nc6 10. Nbd2 Bxc5 11. b3 Qa5 12. Bb2 Rd8 13. g4 Nxg4 14. hxg4 Bxg4 15.
Qc2 Bb4 16. Bc1 Qh5 17. Nh2 Bf5 18. Qb2 Bh3 19. Kh1 Bxf1 20. Ndxf1 O-O 21. Ng3
Qg6 22. Kg2 h5 23. Nf3 Qg4 24. Nh2 Qg6 25. Nf3 Be7 26. Qb1 f5 27. Ba3 Bxa3 28.
Rxa3 Kh7 29. Qh1 Kh6 30. Nh4 Qg5 31. Nf3 Qg6 32. Nh4 Qg5 33. Bxe6 g6 34. Nf3 Qe7
35. Bxf5 Rxf5 36. Nxf5+ gxf5 37. Qa1 Rg8+ 38. Kf1 f4 39. b4 Qe6 40. Qc1 Qg4 41.
Ke2 Ne5 42. e4 Nc6 43. Qc3 Qe6 44. Kf1 Rd8 45. b5 axb5 46. axb5 Ne7 47. Qc7 Rf8
48. Qxb7 Qc4+ 49. Kg2 Rg8+ 50. Kh2 Qf1 51. Ra6+ Rg6 52. Rxg6+ Nxg6 53. Qb6 Kg7
54. Qd4+ Kh6 55. b6 h4 56. Nd2 Qb5 57. Nc4 h3 58. e5 Qc6 59. Kxh3 Qh1+ 60. Kg4
Qh5# 0-1

[Event "XXV MIEDZYNARODOWY FESTIWAL SZACHOWY MEMORIAL JOZEFA KOCHANA - Grupa GM"]
[Site "KOSZALIN"]
[Date "1899-12-30"]
[Round "3.5"]
[White "Sivuk, Vitaly"]
[Black "Kanarek, Marcel"]
[Result "1-0"]
[WhiteTitle "IM"]
[BlackTitle "IM"]
[WhiteElo "2475"]
[BlackElo "2484"]

1. e4 c6 2. d4 d5 3. Nd2 dxe4 4. Nxe4 Bf5 5. Ng3 Bg6 6. h4 h6 7. Nf3 Nd7 8. h5
Bh7 9. Bd3 Bxd3 10. Qxd3 e6 11. Bd2 Ngf6 12. O-O-O Be7 13. Kb1 O-O 14. Ne4 Nxe4
15. Qxe4 Nf6 16. Qe2 Qd5 17. Ne5 Qe4 18. Qxe4 Nxe4 19. Be1 Rfd8 20. f3 Nf6 21.
Bf2 Nd7 22. Nd3 Rac8 23. c4 Bf6 24. b3 b5 25. cxb5 cxb5 26. d5 exd5 27. Bxa7 Re8
28. Rhe1 Rxe1 29. Nxe1 Bc3 30. Nc2 Nf6 31. g4 g6 32. hxg6 fxg6 33. Be3 Kg7 34.
Rd3 Be5 35. Nd4 b4 36. Nc2 Bc3 37. Bd2 Rc5 38. Nxb4 Bxd2 39. Rxd2 Kf7 40. Kb2
h5 41. Nd3 Rc8 42. Ne5+ Ke6 43. Nxg6 hxg4 44. fxg4 Rg8 45. Nf4+ Ke5 46. Nd3+ Kd4
47. Nc1+ Ke3 48. Re2+ Kf3 49. Re5 Kxg4 50. a4 d4 51. a5 Kf4 52. Nd3+ Kf3 53. b4
Ng4 54. Re1 Ne3 55. Kb3 Ke4 56. Nc5+ Kd5 57. Rh1 Rg3 58. Rh5+ Nf5+ 59. Ka4 Rf3
60. Kb5 Kd6 61. a6 Kc7 62. Rh7+ 1-0

[Event "XXV MIEDZYNARODOWY FESTIWAL SZACHOWY MEMORIAL JOZEFA KOCHANA - Grupa GM"]
[Site "KOSZALIN"]
[Date "1899-12-30"]
[Round "4.1"]
[White "Warakomski, Tomasz"]
[Black "Kanarek, Marcel"]
[Result "1-0"]
[WhiteTitle "IM"]
[BlackTitle "IM"]
[WhiteElo "2489"]
[BlackElo "2484"]

1. e4 c5 2. Nf3 d6 3. d4 Nf6 4. Nc3 cxd4 5. Nxd4 g6 6. f4 Nc6 7. Bb5 Bd7 8. Bxc6
Bxc6 9. Qf3 Qb6 10. Nxc6 Qxc6 11. Be3 Bg7 12. O-O-O O-O 13. e5 dxe5 14. fxe5 Ne8
15. Qxc6 bxc6 16. Bc5 Nc7 17. Bxe7 Rfe8 18. Bf6 Bxf6 19. exf6 Re6 20. Rhf1 Ne8
21. Na4 g5 22. Nc5 Re2 23. Rd2 Rxd2 24. Kxd2 h6 25. c4 Rd8+ 26. Kc3 Kh7 27. Ne4
Kg6 28. b4 Nc7 29. Nc5 Ne8 30. a4 Nxf6 31. b5 Ng4 32. Re1 cxb5 33. cxb5 Nxh2 34.
Re7 Nf1 35. a5 h5 36. Rxa7 h4 37. b6 Ne3 38. Rd7 Rc8 39. b7 Rxc5+ 40. Kd3 Rb5
41. Rd6+ Kh5 42. Rb6 1-0

[Event "XXV MIEDZYNARODOWY FESTIWAL SZACHOWY MEMORIAL JOZEFA KOCHANA - Grupa GM"]
[Site "KOSZALIN"]
[Date "1899-12-30"]
[Round "4.2"]
[White "Mazur, Stefan"]
[Black "Sivuk, Vitaly"]
[Result "0-1"]
[WhiteTitle "IM"]
[BlackTitle "IM"]
[WhiteElo "2407"]
[BlackElo "2475"]

1. d4 Nf6 2. Nc3 d5 3. Bg5 c5 4. Bxf6 gxf6 5. e3 e6 6. Nge2 Nc6 7. g3 cxd4 8. exd4
Bh6 9. Bg2 Bd7 10. O-O O-O 11. Nc1 f5 12. N3e2 Qf6 13. c3 Ne7 14. Nd3 Bb5 15.
a4 Bxd3 16. Qxd3 f4 17. Qf3 Kh8 18. b3 Rg8 19. c4 Rad8 20. Rfd1 Nc6 21. c5 e5
22. gxf4 e4 23. Qe3 Rg4 24. f3 Rxf4 25. Nxf4 Bxf4 26. Qc3 e3 27. Ra2 Rg8 28. Kh1
Qh4 29. Bf1 Qh5 30. Re1 Ne7 31. Ree2 Nf5 32. Rg2 Qxh2+ 33. Rxh2 Ng3+ 34. Kg2 Ne2+
35. Kh3 Ng1+ 36. Kh4 Nxf3+ 37. Kh5 Rg5+ 38. Kh6 Rf5# 0-1

[Event "XXV MIEDZYNARODOWY FESTIWAL SZACHOWY MEMORIAL JOZEFA KOCHANA - Grupa GM"]
[Site "KOSZALIN"]
[Date "1899-12-30"]
[Round "4.3"]
[White "Dobrowolski, Piotr"]
[Black "Dragun, Kamil"]
[Result "0-1"]
[WhiteTitle "IM"]
[BlackTitle "GM"]
[WhiteElo "2432"]
[BlackElo "2530"]

1. e4 c5 2. c3 Nf6 3. e5 Nd5 4. d4 cxd4 5. Nf3 Nc6 6. cxd4 d6 7. Bc4 Nb6 8. Bb5
dxe5 9. Nxe5 Bd7 10. Nxd7 Qxd7 11. Nc3 e6 12. O-O Rd8 13. Qb3 Be7 14. Be3 O-O
15. Rfd1 Nd5 16. Nxd5 Qxd5 17. Qxd5 Rxd5 18. Bxc6 bxc6 19. Rdc1 Rc8 20. Rc2 Ra5
21. b3 Kf8 22. Kf1 Ke8 23. Ke2 Kd7 24. Rd1 g5 25. h3 Kc7 26. Rd3 Kb7 27. a4 Rd5
28. Rc4 h5 29. Bd2 Kc7 30. Rf3 f5 31. Re3 Kd7 32. Bb4 Bf6 33. Bc5 Rc7 34. a5 Be7
35. Bxe7 Kxe7 36. b4 a6 37. Re5 Kd6 38. Re3 Kd7 39. Kd3 Rb7 40. Kc3 Rbb5 41. Rc5
Kd6 42. Kc4 Rb7 43. Re2 h4 44. Re1 Rg7 45. f3 Rd7 46. Re2 Rb7 47. Re1 Rb5 48.
Re2 Rb7 49. Re1 Rxc5+ 50. dxc5+ Ke7 51. Rd1 Rd7 52. Rxd7+ Kxd7 53. Kd4 Ke8 54.
f4 g4 55. Ke3 Ke7 56. Kd4 Kf6 57. Kd3 e5 58. Ke3 Ke6 59. fxe5 Kxe5 60. Ke2 Kd5
61. Kd3 gxh3 62. gxh3 f4 63. Ke2 Kc4 64. Kf3 Kxb4 65. Kg4 f3 0-1

[Event "XXV MIEDZYNARODOWY FESTIWAL SZACHOWY MEMORIAL JOZEFA KOCHANA - Grupa GM"]
[Site "KOSZALIN"]
[Date "1899-12-30"]
[Round "4.4"]
[White "Shishkin, Vadim"]
[Black "Malaniuk, Vladimir P"]
[Result "1/2-1/2"]
[WhiteTitle "GM"]
[BlackTitle "GM"]
[WhiteElo "2478"]
[BlackElo "2546"]

1. c4 e6 2. Nc3 d5 3. d4 Be7 4. Nf3 Nf6 5. Bg5 h6 6. Bh4 O-O 7. e3 b6 8. Be2 Bb7
9. Bxf6 Bxf6 10. cxd5 exd5 11. O-O Nd7 12. b4 c6 13. Qb3 Re8 14. Rfc1 a5 15. b5
c5 16. Nxd5 Bxd4 17. exd4 Rxe2 18. Re1 Rxe1+ 19. Rxe1 Bxd5 20. Qxd5 Nf6 21. Qxd8+
Rxd8 22. dxc5 bxc5 23. a4 c4 24. Rc1 c3 25. Kf1 Nd5 26. Ke2 Nf4+ 27. Kf1 Nd5 28.
Ke2 Nf4+ 29. Kf1 Nd5 30. Ke2 Nf4+ 1/2-1/2

[Event "XXV MIEDZYNARODOWY FESTIWAL SZACHOWY MEMORIAL JOZEFA KOCHANA - Grupa GM"]
[Site "KOSZALIN"]
[Date "1899-12-30"]
[Round "4.5"]
[White "Lewtak, Damian"]
[Black "Krzyzanowski, Marcin"]
[Result "1/2-1/2"]
[WhiteTitle "m"]
[BlackTitle "m"]
[WhiteElo "2336"]
[BlackElo "2336"]

1. e4 c5 2. Nf3 e6 3. d4 cxd4 4. Nxd4 a6 5. Bd3 g6 6. O-O Bg7 7. Nb3 Ne7 8. a4
b6 9. Na3 O-O 10. a5 bxa5 11. Nc4 d5 12. exd5 exd5 13. Ncxa5 Nbc6 14. Nxc6 Nxc6
15. c3 Ne5 16. Be2 Re8 17. Nd4 Qb6 18. Qb3 Qxb3 19. Nxb3 Bg4 20. f3 Bf5 21. Rxa6
Rab8 22. Nd4 Nd3 23. g4 Nxc1 24. Rxc1 Bc8 25. Rc6 Bd7 26. Rc7 Bxd4+ 27. cxd4 Rxe2
28. Rxd7 Rbxb2 29. h4 Rg2+ 30. Kh1 Rh2+ 31. Kg1 Rbg2+ 32. Kf1 Rd2 33. Kg1 Rhg2+
34. Kh1 Rgf2 35. Rxd5 Rxf3 36. h5 Kg7 37. hxg6 hxg6 38. g5 Rf4 39. Kg1 Rg4+ 40.
Kf1 Rh4 41. Kg1 Rhh2 42. Rb1 Rdg2+ 43. Kf1 Rf2+ 44. Kg1 Rhg2+ 45. Kh1 Rg4 46.
Rc1 Rb2 47. Ra1 Rh4+ 48. Kg1 Rg4+ 49. Kh1 Rb8 50. Ra2 Rb1+ 51. Kh2 Rf1 52. Rd2
Rff4 53. Kh3 Kf8 54. Rd3 Rh4+ 55. Kg3 Rhg4+ 56. Kh3 Rg1 57. Re3 Rfg4 58. Ree5
Kg7 59. Kh2 R1g3 60. Rc5 Rg2+ 61. Kh3 R4g3+ 62. Kh4 Rg1 63. Rcd5 Rd3 64. Rd8 Rdg3
65. Rdd5 Rg4+ 66. Kh3 R4g2 67. Rc5 Rg3+ 68. Kh2 R1g2+ 69. Kh1 Rb2 70. Rc1 Rd2
71. Rd5 Rg4 72. Ra1 Rb2 73. Rc1 Rf2 74. Rb1 Re2 75. Rc1 Re8 76. Rc2 Re1+ 77. Kh2
Rd1 78. Rc4 Rd3 79. Ra4 Re4 80. Re5 Rexd4 81. Rxd4 Rxd4 82. Kg3 Kf8 83. Re1 Rd7
84. Kf4 Re7 85. Ra1 Ke8 86. Ra8+ Kd7 87. Ra7+ Kd6 88. Rxe7 Kxe7 89. Ke5 Kf8 90.
Kf4 Kg7 91. Ke5 Kg8 92. Ke4 Kf8 93. Kf4 Ke7 94. Ke5 Kd7 95. Kd5 Kd8 96. Kd4 1/2-1/2

[Event "XXV MIEDZYNARODOWY FESTIWAL SZACHOWY MEMORIAL JOZEFA KOCHANA - Grupa GM"]
[Site "KOSZALIN"]
[Date "1899-12-30"]
[Round "5.1"]
[White "Krzyzanowski, Marcin"]
[Black "Warakomski, Tomasz"]
[Result "1-0"]
[WhiteTitle "m"]
[BlackTitle "IM"]
[WhiteElo "2336"]
[BlackElo "2489"]

1. d4 d6 2. Nf3 Bg4 3. e4 Nf6 4. h3 Bh5 5. Nc3 e6 6. g4 Bg6 7. Qe2 c6 8. Bg2 Nbd7
9. g5 Nh5 10. h4 h6 11. Bd2 Qe7 12. O-O-O O-O-O 13. Bh3 Kb8 14. Kb1 f6 15. Rdg1
Be8 16. g6 e5 17. Bg4 Nf4 18. Bxf4 exf4 19. Qd2 h5 20. Bf5 Nb6 21. Qxf4 Qc7 22.
Ne2 Nc4 23. Be6 Nb6 24. d5 c5 25. Nd2 Na8 26. Qf3 Qa5 27. Qc3 Qxc3 28. Nxc3 Nc7
29. Bf5 b5 30. Ne2 Kb7 31. Nf4 Bd7 32. Bxd7 Rxd7 33. Nf1 Re7 34. Ng3 Re5 35. Nd3
Re8 36. Re1 c4 37. Nf4 Kb6 38. Ngxh5 1-0

[Event "XXV MIEDZYNARODOWY FESTIWAL SZACHOWY MEMORIAL JOZEFA KOCHANA - Grupa GM"]
[Site "KOSZALIN"]
[Date "1899-12-30"]
[Round "5.2"]
[White "Malaniuk, Vladimir P"]
[Black "Lewtak, Damian"]
[Result "1/2-1/2"]
[WhiteTitle "GM"]
[BlackTitle "m"]
[WhiteElo "2546"]
[BlackElo "2336"]

1. d4 d5 2. c4 c6 3. Nc3 Nf6 4. e3 e6 5. Nf3 Nbd7 6. Qc2 Bd6 7. b3 O-O 8. Bb2 Re8
9. Be2 dxc4 10. bxc4 e5 11. O-O Qe7 12. Rfd1 e4 13. Nd2 Nf8 14. a4 Bf5 15. Qb3
Ng4 16. Bxg4 Bxg4 17. Ndxe4 Bxd1 18. Rxd1 Bb4 19. Ng3 a5 20. Nce4 Bd6 21. Nxd6
Qxd6 22. Ba3 Qd7 23. Rb1 Rab8 24. Bc5 f5 25. Ne2 Qf7 26. Bd6 Rbd8 27. c5 Qxb3
28. Rxb3 Rd7 29. h4 Ne6 30. Rb6 Nd8 31. Nc1 Nf7 32. Bg3 g6 33. Nb3 Ra8 34. Kf1
h6 35. Ke2 g5 36. f3 Nd8 37. Be1 1/2-1/2

[Event "XXV MIEDZYNARODOWY FESTIWAL SZACHOWY MEMORIAL JOZEFA KOCHANA - Grupa GM"]
[Site "KOSZALIN"]
[Date "1899-12-30"]
[Round "5.3"]
[White "Dragun, Kamil"]
[Black "Shishkin, Vadim"]
[Result "1-0"]
[WhiteTitle "GM"]
[BlackTitle "GM"]
[WhiteElo "2530"]
[BlackElo "2478"]

1. d4 Nf6 2. c4 g6 3. f3 d5 4. cxd5 Nxd5 5. e4 Nb6 6. Nc3 Bg7 7. Be3 O-O 8. Qd2
e5 9. d5 c6 10. h4 cxd5 11. exd5 N8d7 12. h5 Nf6 13. hxg6 fxg6 14. O-O-O Bd7 15.
Kb1 Rc8 16. Ka1 e4 17. Bd4 Na4 18. Nge2 Qa5 19. Nxa4 Qxd2 20. Rxd2 Bxa4 21. Nc3
Nh5 22. Bxg7 Kxg7 23. Be2 Ng3 24. Re1 Rfe8 25. Nxa4 exf3 26. gxf3 Rxe2 27. Rdxe2
Nxe2 28. d6 Nd4 29. Re7+ Kf6 30. Nc3 Nxf3 31. Rxh7 Ke6 32. Rxb7 Kxd6 33. Rxa7
g5 34. Rg7 Ke5 35. a4 Kf6 36. Rb7 g4 37. a5 Nd2 38. Ne2 Ra8 39. Rb6+ Ke5 40. b4
Nc4 41. Rb5+ Kd6 42. Rg5 Re8 43. Nc3 Re5 44. Rg6+ Kc7 45. a6 Nd6 46. Kb2 Nb5 1-0